000 00327nam a2200145Ia 4500
008 090707b ii f a fnsan d
040 _aRCL
100 _aGhuman,Bikram Singh
_919918
245 _aSohni mahinwal
260 _aAmritsar
260 _bWaris Shah Foundation
260 _c2006
300 _a112p.
942 _cBK
999 _c21850
_d21850